Budem vedieť pravopis zbierka cvičení a diktátov pre 8. ročník ZŠ

Podrobná bibliografia
Hlavní autori: Lukačková, Renáta (Autor), Solčanská, Beata (Autor)
Médium: Kniha
Jazyk:slovenčina
Fyzický popis:112 s. 21 cm
Vydavateľské údaje: Bratislava Didaktis 2014
ISBN:9788081660054
Vydanie:1. vyd.
Predmet:

MARC

LEADER 00000cam a2200000 a 4500
001 vtls010647975
003 SK-MaSNL
005 20260301221138.0
008 240318s2014 xo c npf 000 0 slo
015 |a SNBA2017/02 
020 |a 9788081660054  |q (brož.) 
035 |a urn:nbn:sk:snk-am00cx2t 
035 |a urn:nbn:sk:snk-am3hmmt 
035 |a 820B3CAC-F940-4A9A-81EA-28749A4DA82E 
040 |a SNK  |b slo  |c SNK  |e AACR2 
041 0 |a slo 
044 |a xo  |c SK 
072 7 |a 811.162.4  |x Slovenčina  |2 konspekt 
080 |a 811.162.4  |2 2011 
080 |a 373.3.016  |2 2011 
080 |a (076.3)  |2 2011 
080 |a 81'35  |2 2011 
080 |a (035)  |2 2011 
100 1 |a Lukačková, Renáta  |4 aut  |9 206018 
245 1 0 |a Budem vedieť pravopis  |b zbierka cvičení a diktátov pre 8. ročník ZŠ  |c Renáta Lukačková, Beata Solčanská 
250 |a 1. vyd. 
260 |a Bratislava  |b Didaktis  |c 2014 
300 |a 112 s.  |c 21 cm 
500 |a Na obale: 183 cvičení a diktátov na: podstatné mená, prídavné mená, číslovky a zámená, predložky, spojky, častice, citoslovcia, čiarky v jednoduchej vete a v súvetí 
650 0 7 |a slovenčina  |2 SNKPH  |9 1350 
650 0 7 |a učivo základných škôl  |2 SNKPH  |9 63300 
650 0 7 |a Slovak language  |2 SNKPHeng  |9 266031 
650 0 7 |a Elementary school curriculum  |2 SNKPHeng  |9 306214 
650 0 7 |a pravopis  |2 SNKPH  |9 868 
650 0 7 |a Orthography and spelling  |2 SNKPHeng  |9 282043 
655 7 |a diktáty a cvičenia  |2 SNKPH  |9 70566 
655 7 |a Language exercises and dictations  |2 SNKPHeng  |9 316923 
655 7 |a Handbooks, manuals, etc.  |2 SNKPHeng  |9 90964 
655 7 |a príručky  |2 SNKPH  |9 74364 
700 1 |a Solčanská, Beata  |4 aut  |9 13113 
852 |a Štátna vedecká knižnica v Banskej Bystrici 
919 |a 978-80-8166-005-4 
999 |c 934679  |d 936609 
952 |a SNK  |b SNK  |y PREZ  |7 0  |p 17A1219447  |o snkSC 172404  |i snk2017/200  |8 0  |0 0  |1 0  |4 0  |d 2017-01-04  |f 1  |l 0  |r 2025-09-10 00:00:00  |w 2026-02-24 
952 |a SNK  |b SNK  |y VYP  |7 0  |p 17A1219448  |o snkSC 172404 D1  |i snk2017/201  |8 0  |0 0  |1 0  |4 0  |d 2017-01-04  |l 0  |r 2026-02-24 09:00:03  |w 2026-02-24